000 00645nam a2200217Ii 4500
003 JO-AjNU
008 230606s9999||||xx |||||||||||||| ||und||
020 _a978-0-415-62913-3
040 _aJO-AjNU
_beng
_erda
_cJO-AjNU
041 _aeng
050 1 4 _aTA682.26.P68 2013
100 3 _aAnkrah , Nii/Keith potts,
_eauthor
_95064
245 0 0 _aConstruction Cost Management learning from case studies
250 _a2 ed
264 3 1 _aLondon :Routledge , 2013
300 _a366p
336 _atext
_btxt
_2rdacontent
337 _aunmediated
_bn
_2rdamedia
338 _avolume
_bnc
_2rdacarrier
650 4 _aConstruction Cost Management
_95065
999 _aE2619
_c2617
_d2617